|
|
|
|
| LEADER |
00000cam a2200000 i 4500 |
| 001 |
1/46977 |
| 008 |
040115s2000 gr | ||| |||| ||gre|| |
| 020 |
|
|
|a 9602865482
|
| 035 |
|
|
|l 10071996
|
| 040 |
|
|
|a GR-MyUa
|b gre
|e AACR2
|
| 041 |
0 |
|
|a gre
|
| 082 |
7 |
|
|a 338.4791
|2 (22)
|
| 100 |
1 |
|
|a Σφακιανάκης, Μανώλης Κων.,
|d 1935-
|
| 245 |
1 |
0 |
|a Εναλλακτικές μορφές τουρισμού /
|c Μανώλης Κ. Σφακιανάκης.
|
| 260 |
|
|
|a Αθήνα :
|b Έλλην,
|c c2000.
|
| 300 |
|
|
|a 325 σ. ;
|c 24 εκ.
|
| 504 |
|
|
|a Περιλαμβάνει βιβλιογραφία και ευρετήριο.
|
| 650 |
|
0 |
|a Tourism.
|
| 650 |
|
0 |
|a Ecotourism.
|
| 650 |
|
0 |
|a Sports and tourism
|z Greece.
|
| 650 |
|
0 |
|a Culture and tourism.
|
| 852 |
|
|
|a INST
|b CHIOS
|e 20040115
|h 338.4791 ΣΦΑ
|p 005200012795
|q 005200012795
|t BK
|y 4
|x 20220124
|
| 901 |
|
|
|a BIBL2-2004-1
|
| 970 |
|
|
|a ΒΑΣΙΛΑΚΗ
|b ΝΙΚΗ
|z 2004/01/15
|